Pays qui commencent par les lettres de PARAGUAY - Mort Subite - Statistiques

Statistiques générales
  • Ce quiz a été pris 150 fois
  • Le résultat moyen est 31 sur 47
Réponses sur la Carte
Les réponses sont colorées sur une échelle allant du rouge au vert en fonction du pourcentage des utilisateurs qui les ont devinées à leur premier essai. Vous pouvez retrouver ces pourcentages ci-dessous.
 
Statistiques - réponses
Réponse % Correct
Yémén
94%
Uruguay
86%
Australie
84%
Argentine
83%
Algérie
81%
Allemagne
76%
Russie
76%
Albanie
75%
Angola
75%
Portugal
74%
Arménie
73%
Rwanda
73%
Afrique du Sud
71%
Guinée
71%
Paraguay
71%
Pologne
71%
Autriche
70%
Pérou
70%
Ukraine
70%
Afghanistan
69%
Antigua-et-Barbuda
69%
Guinée-Bissau
68%
Andorre
67%
Guinée-Équatoriale
67%
Roumanie
67%
Gabon
66%
Azerbaïdjan
65%
Pakistan
65%
Ghana
64%
Guatemala
64%
Philippines
64%
Arabie Saoudite
63%
Guyana
63%
Panama
62%
Géorgie
59%
Grèce
58%
République Démocratique du Congo
58%
Royaume-Uni
56%
Papouasie-Nouvelle-Guinée
55%
Gambie
54%
Palaos
54%
République Dominicaine
52%
République du Congo
51%
Pays-Bas
47%
République Tchèque
46%
Grenade
44%
République Centrafricaine
42%
Aucun quiz correspondant
Distribution des résultats
% des personnes avec chaque résultat
Percentile par nombre de réponses
Votre historique - résultats
Vous n’avez pas pris ce quiz